Principles of financial accounting/ (Record no. 16868)
[ view plain ]
| 000 -LEADER | |
|---|---|
| fixed length control field | 00656nam a22001937a 4500 |
| 008 - FIXED-LENGTH DATA ELEMENTS--GENERAL INFORMATION | |
| fixed length control field | 220420b ||||| |||| 00| 0 eng d |
| 020 ## - INTERNATIONAL STANDARD BOOK NUMBER | |
| International Standard Book Number | 978814923385 |
| 082 ## - DEWEY DECIMAL CLASSIFICATION NUMBER | |
| Edition number | 2022 |
| Classification number | DC 657 |
| Item number | W643 |
| 100 ## - MAIN ENTRY--PERSONAL NAME | |
| Personal name | Wild, John J., author |
| 9 (RLIN) | 45071 |
| 245 ## - TITLE STATEMENT | |
| Title | Principles of financial accounting/ |
| Statement of responsibility, etc. | John J. Wild, Winston Kwok, Ken W. Shaw, authors |
| 250 ## - EDITION STATEMENT | |
| Edition statement | Third edition |
| 260 ## - PUBLICATION, DISTRIBUTION, ETC. (IMPRINT) | |
| Place of publication, distribution, etc. | New York, NY: |
| Name of publisher, distributor, etc. | Mc Graw Hill, |
| Date of publication, distribution, etc. | 2022. |
| 300 ## - PHYSICAL DESCRIPTION | |
| Extent | iii, 719 pages: |
| Other physical details | illustrations; |
| Dimensions | 27 cm. |
| 500 ## - GENERAL NOTE | |
| General note | Includes appendices and index. |
| 650 ## - SUBJECT ADDED ENTRY--TOPICAL TERM | |
| Topical term or geographic name as entry element | Accounting |
| 9 (RLIN) | 45072 |
| 700 ## - ADDED ENTRY--PERSONAL NAME | |
| Personal name | Kwok, Winston, |
| Relator term | author |
| 9 (RLIN) | 45073 |
| 700 ## - ADDED ENTRY--PERSONAL NAME | |
| Personal name | Shaw, Ken W., |
| Relator term | author |
| 9 (RLIN) | 45074 |
| 942 ## - ADDED ENTRY ELEMENTS (KOHA) | |
| Source of classification or shelving scheme | Dewey Decimal Classification |
| Koha item type | Circulation |
| Withdrawn status | Lost status | Source of classification or shelving scheme | Damaged status | Not for loan | Collection code | Home library | Current library | Shelving location | Date acquired | Source of acquisition | Cost, normal purchase price | Total Checkouts | Full call number | Barcode | Date last seen | Date last checked out | Price effective from | Koha item type |
|---|---|---|---|---|---|---|---|---|---|---|---|---|---|---|---|---|---|---|
| Dewey Decimal Classification | Circulation | UM Digos College - LIC | UM Digos College - LIC | Book Cart | 02/10/2022 | Purchased | 4905.00 | 3 | DC 657 W643 2022 | 26497 | 05/15/2025 | 08/17/2023 | 04/20/2022 | Circulation |
